1116 1371 1226 1206 1926 1826 1788 1472 1815 1973 1444 1692 1389 1629 1661 1970 1067 1483 1748 1779 1815 1654 1136 1834 1670 1394 1214 1946 1676 1782 1676 1113 1092 1036 1285 1514 1420 1704 1294 1507 1344 1076 1988 1160 1596 2000 1694 1015 1710 1627 1868 1096 1309 1845 1337 1566 1253 1239 1663 1904 1342 1531 1016 1823 1598 1722 1591 1753 1618 1502 1949 1636 1710 1442 1274 1632 1248 1652 1709 1992 1925 1772 1532 1414 1122 1104 1985 1273 1615 1066 1059 1505 1861 1572 1632 1876 1276 1071 1172 BCNSPRNW ULIB Ver.6.0+V

เปลี่ยนเป็นภาษาไทย

Change to English
 แสดงรายละเอียดบรรณานุกรม
  กลับหน้าหลัก

Brief Record : Get Marc (ISO 2709) : E-mail record : QR code < ปิดหน้าต่าง
LEADER : 00000nam 2200000uu 4500
001    13399129023
003     ULIB
008    250515s2562||||th 000 0 tha d
020    ^a9786164972384 (เล่ม 2)^c260
060    ^aWB141^bป445ค^cล.2
100 1  ^aปราณี ทู้ไพเราะ
245 10 ^aคู่มือการตรวจวินิจฉัยโรค =^bHandbook of medical diagnosis เล่ม 2 /^cปราณี ทู้ไพเราะ
246    ^aHandbook of medical diagnosis
250    ^aพิมพ์ครั้งที่ 2 (ปรับปรุงครั้งที่ 1)
260    ^aกรุงเทพฯ :^bN P Press,^c2562
300    ^a480;bภาพประกอบ
504    ^aบรรณานุกรมและดัชนีท้ายเล่ม
650    ^aการตรวจคัดโรค
650    ^aการตรวจร่างกาย
650    ^aการวินิจฉัยโรค
945    ^p260^l0^i011516
945    ^p260^l0^i011513
945    ^p260^l0^i011511
945    ^p260^l0^i011506
945    ^p260^l0^i011507
945    ^p260^l0^i011517
945    ^p260^l0^i011512
945    ^p260^l0^i011510
945    ^p260^l0^i011509
945    ^p260^l0^i011508
999    ^aประนอม เกษจรัล
รายการนี้ยังไม่มีแท็ก
คุณยังไม่ได้ล็อกอิน คุณสามารถมีกิจกรรมร่วมกับเว็บไซต์ได้ แต่ต้องล็อกอินก่อน ::
  ล็อกอิน

รายการสื่อสารสนเทศ

ลำดับที่ ประเภท เลขเรียก/บาร์โค้ด สถานที่ สถานะ
1. วิทยาศาสตร์การแพทย์ และสุขภาพ
หนังสือสำรอง
สถานะ=หนังสือสำรอง
WB141 ป445ค ล.2 ฉ.1 
  Barcode: 011506
ห้องสมุดวิทยาเขตสวรรค์ประชารักษ์
►หนังสือทั่วไป
บนชั้น
2. วิทยาศาสตร์การแพทย์ และสุขภาพ
วิทยาศาสตร์การแพทย์ และสุขภาพ
WB141 ป445ค ล.2 ฉ.10 
  Barcode: 011517
ห้องสมุดวิทยาเขตสวรรค์ประชารักษ์
►หนังสือทั่วไป
บนชั้น
3. วิทยาศาสตร์การแพทย์ และสุขภาพ
วิทยาศาสตร์การแพทย์ และสุขภาพ
WB141 ป445ค ล.2 ฉ.2 
  Barcode: 011507
ห้องสมุดวิทยาเขตสวรรค์ประชารักษ์
►หนังสือทั่วไป
บนชั้น
4. วิทยาศาสตร์การแพทย์ และสุขภาพ
วิทยาศาสตร์การแพทย์ และสุขภาพ
WB141 ป445ค ล.2 ฉ.3 
  Barcode: 011508
ห้องสมุดวิทยาเขตสวรรค์ประชารักษ์
►หนังสือทั่วไป
บนชั้น
5. วิทยาศาสตร์การแพทย์ และสุขภาพ
วิทยาศาสตร์การแพทย์ และสุขภาพ
WB141 ป445ค ล.2 ฉ.4 
  Barcode: 011509
ห้องสมุดวิทยาเขตสวรรค์ประชารักษ์
►หนังสือทั่วไป
บนชั้น
6. วิทยาศาสตร์การแพทย์ และสุขภาพ
วิทยาศาสตร์การแพทย์ และสุขภาพ
WB141 ป445ค ล.2 ฉ.5 
  Barcode: 011510
ห้องสมุดวิทยาเขตสวรรค์ประชารักษ์
►หนังสือทั่วไป
บนชั้น
7. วิทยาศาสตร์การแพทย์ และสุขภาพ
วิทยาศาสตร์การแพทย์ และสุขภาพ
WB141 ป445ค ล.2 ฉ.6 
  Barcode: 011511
ห้องสมุดวิทยาเขตสวรรค์ประชารักษ์
►หนังสือทั่วไป
ถูกยืม กำหนดส่งวันที่ 2 กุมภาพันธ์ 2569
  จอง
8. วิทยาศาสตร์การแพทย์ และสุขภาพ
วิทยาศาสตร์การแพทย์ และสุขภาพ
WB141 ป445ค ล.2 ฉ.7 
  Barcode: 011512
ห้องสมุดวิทยาเขตสวรรค์ประชารักษ์
►หนังสือทั่วไป
บนชั้น
9. วิทยาศาสตร์การแพทย์ และสุขภาพ
วิทยาศาสตร์การแพทย์ และสุขภาพ
WB141 ป445ค ล.2 ฉ.8 
  Barcode: 011513
ห้องสมุดวิทยาเขตสวรรค์ประชารักษ์
►หนังสือทั่วไป
บนชั้น
10. วิทยาศาสตร์การแพทย์ และสุขภาพ
วิทยาศาสตร์การแพทย์ และสุขภาพ
WB141 ป445ค ล.2 ฉ.9 
  Barcode: 011516
ห้องสมุดวิทยาเขตสวรรค์ประชารักษ์
►หนังสือทั่วไป
บนชั้น

รายการใกล้เคียง
    ผู้แต่ง [ปราณี ทู้ไพเราะ]

    หัวเรื่อง [การตรวจคัดโรค]
    หัวเรื่อง [การตรวจร่างกาย]
    หัวเรื่อง [การวินิจฉัยโรค]

BibComment


ยังไม่เคยถูกคอมเมนท์

คอมเมนท์ทรัพยากรรายการนี้
  คอมเมนท์: คู่มือการตรวจวิน..


 Copyright 2026. Bcnsprnw @Library